000 005540000a22001810004500
003 MACL
005 20160329165858.0
008 160329b xxu||||| |||| 00| 0 eng d
040 _aMACL
_cMACL
041 _aHindi
082 _a200
100 _aफादर कामिल बुल्‍के
_948780
245 _aरामकथा उत्‍पत्ति और विकास
260 _bहिन्‍दी परिषद
_c1993
_aप्रयाग
350 _a225
650 _aHinduism Religion
_948781
942 _cHIN
_k200
_2ddc
999 _c22937
_d22937